| 000 | 00703cam a2200241 4500 | ||
|---|---|---|---|
| 001 | J112190 | ||
| 008 | 000000n1996 000 0 eng u | ||
| 035 | _a(Sirsi) u112190 | ||
| 050 | _a333.73 | ||
| 110 |
_aFugro Environmental Limited _94071 |
||
| 245 | _aHousing development: a guide to the assessment, remediation and validation of land. | ||
| 260 |
_aHemel Hempstead _bFUGRO _c1996 |
||
| 300 | _a[100p.] ; 30cm. | ||
| 520 | _aProduced for the Wimpey Group | ||
| 650 | _aBROWNFIELD SITES | ||
| 650 | _aCONTAMINATED LAND | ||
| 650 | _aREDEVELOPMENT | ||
| 650 |
_aEnvironment _96238 |
||
| 650 | _aHOUSING | ||
| 650 | _aNEW BUILD | ||
| 690 | _aPROPERTY-PROPERTY DEVELOPMENT | ||
| 942 | _n0 | ||
| 999 |
_c101370 _d101370 |
||